| 000 | 00484nam a22001697a 4500 | ||
|---|---|---|---|
| 008 | 230511b |||||||| |||| 00| 0 eng d | ||
| 040 |
_aNational Science Library _cNational Science Library |
||
| 080 |
_aR 030.8=2 _bK6 |
||
| 100 |
_aBrewer, E Cobham _98701 |
||
| 245 | _aDictionary of phrase & fable | ||
| 260 |
_aLondon: _bCassell and Company, Ltd., |
||
| 300 | _a1157p. | ||
| 650 | _aLiterature | ||
| 653 | _aAllusions in literature | ||
| 653 | _aMythology | ||
| 942 |
_2udc _cREF |
||
| 999 |
_c29024 _d29024 |
||